Branching processes : variation, growth, and extinction of populations

Αποθηκεύτηκε σε:
Λεπτομέρειες βιβλιογραφικής εγγραφής
Κύριος συγγραφέας: Haccou, Patsy
Άλλοι συγγραφείς: Jagers, Peter, Vatutin, Vladimir A.
Μορφή: Βιβλίο
Γλώσσα:English
Δημοσίευση: Cambridge ; New York : Cambridge University Press, 2005
Σειρά:Cambridge studies in adaptive dynamics ; ; 5
Θέματα:
Ετικέτες: Προσθήκη ετικέτας
Δεν υπάρχουν, Καταχωρήστε ετικέτα πρώτοι!

MARC

LEADER 00000nam a2200000 i 4500
001 1/49538
008 070730s2005 eng d
020 |a 0-521-83220-9 
035 |l 10089212 
040 |a GR-MY-UA  |b gre  |e aacr 
041 0 |a eng 
082 0 |a 577.8801519234  |2 (22) 
100 1 |a Haccou, Patsy. 
245 1 0 |a Branching processes :  |b variation, growth, and extinction of populations /  |c Pastsy Haccou, Peter Jagers and Vladimir A. Vatutin 
260 |a Cambridge ; New York :   |b Cambridge University Press,   |c 2005 
300 |a xii, 316 σ.;  |b εικ.;  |c 24 εκ. 
490 1 |a Cambridge studies in adaptive dynamics  |v ; 5 
504 |a Περιλαμβάνει βιβλιογραφικές παραπομπές και ευρετήριο 
650 0 0 |a Branching processes. 
650 0 0 |a Population biology. 
700 1 |a Jagers, Peter. 
700 1 |a Vatutin, Vladimir A. 
830 0 |a Cambridge studies in adaptive dynamics ;  |v ; 5 
852 |a INST  |b SAMOS  |e 20070730  |h 577.8801519234 HAC  |p 005300025776  |q 005300025776  |t BK  |y 0 
901 |a BIBL3-2007-2 
909 |a Σ  |b 135823 
922 |a 3ΕΛΗ  |b 200706  |c EΠΕΑΕΚ2/ΤΣΑΕ  |d ΕΛΕΥΘΕΡΟΥΔΑΚΗΣ 
970 |a ΣΙΤΖΙΜΗ  |b ΓΙΑΣΕΜΗ  |z 2007/07/30